00509 2200193 4500001002100000005001500021035002000036007000300056008004100059082001200100084001800112100002000130245006700150260003500217300002100252650001200273856001400285990001600299INLIS00000000000557420240807120250 a0010-0721000762ta240807 0 ind  a297.273 a297.273 AAS p0 aA. Assaad Yunus1 aPokok-Pokok Hukum Kewarisan Islam (Faraidh) /cA. Assaad Yunus aJakarta :bPT. Alqushwa,c1992 a256 hlm ;c20 cm 4awarisan aKelas 297 a00000006729